Welcome to WEB OPAC of MRSPTU Central Library

Group theory and its applications in Chemistry (Record no. 5448)

MARC details
000 -LEADER
fixed length control field 00463nam a2200181Ia 4500
008 - FIXED-LENGTH DATA ELEMENTS--GENERAL INFORMATION
fixed length control field 230711s9999||||xx |||||||||||||| ||und||
020 ## - INTERNATIONAL STANDARD BOOK NUMBER
International Standard Book Number 978-81-203-5134-9
041 ## - LANGUAGE CODE
Language code of text/sound track or separate title ENG
082 ## - DEWEY DECIMAL CLASSIFICATION NUMBER
Classification number 541.2
Item number KU-G
100 ## - MAIN ENTRY--PERSONAL NAME
Personal name Kunju,A.Salahuddin
245 #0 - TITLE STATEMENT
Title Group theory and its applications in Chemistry
250 ## - EDITION STATEMENT
Edition statement 2ndEd.
260 ## - PUBLICATION, DISTRIBUTION, ETC.
Date of publication, distribution, etc. 2015
Place of publication, distribution, etc. New Delhi
Name of publisher, distributor, etc. PHI Learning Private Limited
300 ## - PHYSICAL DESCRIPTION
Extent 199
650 ## - SUBJECT ADDED ENTRY--TOPICAL TERM
Topical term or geographic name entry element Chemistry
700 ## - ADDED ENTRY--PERSONAL NAME
Personal name Krishnan,G
942 ## - ADDED ENTRY ELEMENTS (KOHA)
Koha item type Book
Holdings
Withdrawn status Lost status Damaged status Not for loan Collection Home library Current library Date acquired Total checkouts Full call number Barcode Date last seen Price effective from Koha item type Date last checked out
          MRSPTU Central Library MRSPTU Central Library     541.2 KU-G 20659 08/17/2023 08/17/2023 Book  
          MRSPTU Central Library MRSPTU Central Library   5 541.2 KU-G 20660 02/01/2024 08/17/2023 Book 12/26/2023
          MRSPTU Central Library MRSPTU Central Library   4 541.2 KU-G 20661 01/22/2025 08/17/2023 Book 12/19/2024
          MRSPTU Central Library MRSPTU Central Library   1 541.2 KU-G 20662 01/07/2025 08/17/2023 Book 12/19/2024
          MRSPTU Central Library MRSPTU Central Library     541.2 KU-G 34652 08/17/2023 08/17/2023 Book  
          MRSPTU Central Library MRSPTU Central Library     541.2 KU-G 34653 08/17/2023 08/17/2023 Book  
          MRSPTU Central Library MRSPTU Central Library     541.2 KU-G 34654 08/17/2023 08/17/2023 Book  
          MRSPTU Central Library MRSPTU Central Library     541.2 KU-G 34655 08/17/2023 08/17/2023 Book  

Website Designed and Developed by MRSPTU Central Library Team

E-mail Id: librarian@mrsptu.ac.in